| 000 | 00329nam a22001457a 4500 | ||
|---|---|---|---|
| 020 | _qHB. | ||
| 040 | _cFIZZA ISHAQ | ||
| 082 |
_a004.16 _bJAM |
||
| 100 |
_aPECKOL, K JAMES. _989079 |
||
| 245 |
_aEMBEDDED SYSTEMS / _cJAMES K PECKOL. |
||
| 250 | _a2nd ED. | ||
| 260 |
_bWILEY, _c2019. |
||
| 300 | _a1017 P. ; | ||
| 942 |
_2ddc _cBK |
||
| 999 |
_c587921 _d587921 |
||